Multiple Choice City Quiz – Pyongyang - Statistics

General Stats
  • This quiz has been taken 34 times
  • The average score is 6 of 10
Answer Stats
Question Answer % Correct
Which of these images depict Pyongyang?
86%
What is the name of Pyongyang's tallest building? Ryugyong Hotel
79%
Pyongyang is home to the world's largest _____ Stadium
69%
Which of these images depicts a landmark of Pyongyang?
59%
Pyongyang is home to one of the _____ metro lines in the world Deepest
55%
On which river does Pyongyang lie? Taedong River
55%
Which of these attractions is located in the Pyongyang area? Munsu Water Park
48%
Which of these is a nickname for Pyongyang? The Capital of the Revolution
48%
Which annual international sporting event does Pyongyang host every April? Pyongyang Marathon
41%
It is believed that roughly 60% of Pyongyang's citizens are ______ Impoverished
24%
No matching quizzes found
Score Distribution
Percent of People with Each Score
Percentile by Number Answered
Your Score History
You have not taken this quiz